| 000 | 00377nam a2200157Ia 4500 | ||
|---|---|---|---|
| 008 | 190704s9999||||xx |||||||||||||| ||und|| | ||
| 020 | _a9788126526710 | ||
| 082 |
_a005 _bWIL/J |
||
| 100 | _awilton, Paul | ||
| 245 | 0 | _aJava Script Beginning | |
| 250 | _a4th Edition | ||
| 260 |
_aNew Delhi _bWiley India _c2010 |
||
| 300 | _a458p | ||
| 700 | _aMcPeak, Jeremy | ||
| 942 | _cBK | ||
| 999 |
_c6104 _d6104 |
||